书目信息 |
| 题名: |
中国辞书论集
|
|
| 作者: | ;中国辞书学会学术委员会 编 | |
| 分册: | 1997 | |
| 出版信息: | 北京 商务印书馆 1999 |
|
| 页数: | 214页 | |
| 开本: | 20cm | |
| 丛书名: | ||
| 单 册: | ||
| 中图分类: | H016-53 | |
| 科图分类: | ||
| 主题词: | 辞书学--文集 | |
| 电子资源: | ||
| ISBN: | 7-100-02948-1 | |
| 000 | 00851nam0 2200217 450 | |
| 001 | TS2006043545 | |
| 005 | 20061205140401.29 | |
| 010 | @a7-100-02948-1@dCNY12.00 | |
| 100 | @a20060829d1999 kemy0chiy0120 ea | |
| 101 | 0 | @achi |
| 102 | @aCN@b110000 | |
| 105 | @ay z 000yy | |
| 200 | 1 | @a中国辞书论集@AZhong Guo Ci Shu Lun Ji@h1997@f中国辞书学会学术委员会编@FZhong Guo Ci Shu Xue Hui Xue Shu Wei Yuan Hui Bian |
| 210 | @a北京@c商务印书馆@d1999@h2002年4月北京第2次印刷 | |
| 215 | @a214页@d20cm | |
| 330 | @a本书包括:“辞典学是语言学的分支学科”、“语文性辞书的语义学原则”、“辞书中成语注音的分词连写问题”、“中国辞书排检史探”等26篇文章。 | |
| 606 | @a辞书学@x文集 | |
| 690 | @aH016-53@v4 | |
| 711 | 02 | @a中国辞书学会学术委员会@AZhong Guo Ci Shu Xue Hui Xue Shu Wei Yuan Hui@4编 |
| 801 | 0 | @aCN@b中图数据@c20061205 |
| 905 | @a10447@dH016-53@e97 | |
| 中国辞书论集.1997/中国辞书学会学术委员会编.-北京:商务印书馆,1999(2002年4月北京第2次印刷) |
| 214页;20cm |
| ISBN 7-100-02948-1:CNY12.00 |
| 本书包括:“辞典学是语言学的分支学科”、“语文性辞书的语义学原则”、“辞书中成语注音的分词连写问题”、“中国辞书排检史探”等26篇文章。 |
| ● |
| 相关链接 |
|
|
|
|
正题名:中国辞书论集
索取号:H016-53/97
 
预约/预借
| 序号 | 登录号 | 条形码 | 馆藏地/架位号 | 状态 | 备注 |
| 1 | 0601296 | 206012964 | 第二样本阅览室/ [索取号:H016-53/97] | 在馆 | |
| 2 | 0601297 | 206012973 | 第四借阅区/ [索取号:H016-53/97] | 在馆 | |
| 3 | 0601298 | 206012982 | 第四借阅区/ [索取号:H016-53/97] | 在馆 |